000 00262nam a2200121 i 4500
001 bg
245 0 _aMetrologia długości i kąta.
260 _aWrocław,
_c1977.
040 _cBPK
041 _apol
942 _cKS
008 s pl f |000 0 pol
999 _c17295
_d17295
856 _uhttp://koha.tu.koszalin.pl/cgi-bin/koha/opac-detail.pl?biblionumber=17295
_yKatalog online BPK